[Event "IBCA World Individual Chess Championship"]
[Site "Rzeszow"]
[Date "2025.??.??"]
[Round "1.1"]
[White "Tazbir, Marcin"]
[Black "Gulamov, Ilkhom"]
[Result "1-0"]
[WhiteElo "2529"]
[BlackElo "1910"]
[PlyCount "73"]
[EventDate "2025.??.??"]

1. c4 e5 2. g3 Nc6 3. Bg2 Nf6 4. Nc3 Bb4 5. Nd5 Bc5 6. e3 O-O 7. Ne2 d6 8. O-O
Nxd5 9. cxd5 Ne7 10. a3 a5 11. b3 Bg4 12. h3 Bd7 13. d4 exd4 14. Nxd4 Nf5 15.
Nxf5 Bxf5 16. Bb2 Re8 17. Kh2 Qd7 18. Qd2 f6 19. Rfe1 Bg6 20. Bd4 Qb5 21. Bxc5
Qxc5 22. Rec1 Qb6 23. Rc3 Be4 24. Bxe4 Rxe4 25. Rac1 Re7 26. Qc2 Rc8 27. Qf5
Rce8 28. a4 Rd8 29. Rc4 Rf8 30. R1c3 g6 31. Qc2 Rc8 32. Kg2 Kf8 33. h4 Kg7 34.
h5 f5 35. Qb2 Kg8 36. Rc1 g5 37. Qf6 1-0

[Event "IBCA World Individual Chess Championship"]
[Site "Rzeszow"]
[Date "2025.??.??"]
[Round "1.2"]
[White "Migala, Andrzej"]
[Black "Pulvett Marin, Daniel Eduardo"]
[Result "0-1"]
[WhiteElo "1884"]
[BlackElo "2483"]
[PlyCount "36"]
[EventDate "2025.??.??"]

1. d4 d5 2. Nc3 Nf6 3. Bf4 c5 4. e3 cxd4 5. exd4 a6 6. Nf3 Nc6 7. h3 Bf5 8. a3
e6 9. Be2 Ne4 10. O-O Rc8 11. Nb1 g6 12. Be3 h6 13. Ne5 b5 14. Nxc6 Rxc6 15. c3
Bd6 16. Nd2 Qh4 17. Re1 Bxh3 18. g3 Bxg3 0-1

[Event "IBCA World Individual Chess Championship"]
[Site "Rzeszow"]
[Date "2025.??.??"]
[Round "1.4"]
[White "Spionkowski, Fabian"]
[Black "Magnusson, Jorgen"]
[Result "0-1"]
[WhiteElo "1823"]
[BlackElo "2237"]
[PlyCount "48"]
[EventDate "2025.??.??"]

1. Nf3 f5 2. d3 Nc6 3. e4 e5 4. g3 Nf6 5. Bg2 fxe4 6. dxe4 Bc5 7. Nc3 d6 8. h3
a5 9. O-O Be6 10. Ne1 O-O 11. Nd3 Bd4 12. Ne2 Bb6 13. Kh2 d5 14. Nc3 d4 15. Ne2
Nd7 16. f4 Nb4 17. f5 Bf7 18. a3 Nxd3 19. cxd3 c5 20. Ng1 c4 21. Nf3 cxd3 22.
Qxd3 Qc7 23. Re1 Bc4 24. Qd1 Nc5 0-1

[Event "IBCA World Individual Chess Championship"]
[Site "Rzeszow"]
[Date "2025.??.??"]
[Round "1.6"]
[White "Lukasiewicz, Ignacy"]
[Black "Eichstaedt, Mirko"]
[Result "0-1"]
[WhiteElo "1793"]
[BlackElo "2205"]
[PlyCount "82"]
[EventDate "2025.??.??"]

1. Nf3 Nf6 2. g3 b6 3. Bg2 Bb7 4. O-O g6 5. b3 Bg7 6. Bb2 c5 7. c4 O-O 8. e3 d5
9. d4 dxc4 10. bxc4 cxd4 11. exd4 Nc6 12. Ne5 Qc8 13. Nxc6 Bxc6 14. d5 Bb7 15.
Qb3 Ne8 16. Bxg7 Nxg7 17. a4 Ba6 18. Nd2 Rb8 19. Rfe1 Re8 20. Rac1 Nf5 21. Qc3
Qc7 22. Nf3 f6 23. Nd4 Nxd4 24. Qxd4 Qd7 25. Qd1 Rbc8 26. Qb3 Rc5 27. Bf1 Kf8
28. Rc3 Ra5 29. Ra1 Rc8 30. Ra2 Rc7 31. Bd3 Qc8 32. Rac2 Rac5 33. Rc1 Bb7 34.
R3c2 e6 35. dxe6 Qxe6 36. Re2 Qh3 37. Be4 Bxe4 38. Rxe4 Rh5 39. Rce1 Qxh2+ 40.
Kf1 Qh1+ 41. Ke2 Qxe4+ 0-1

*

[Event "IBCA World Individual Chess Championship"]
[Site "Rzeszow"]
[Date "2025.??.??"]
[Round "1.7"]
[White "Dukaczewski, Piotr"]
[Black "Nurhayev, Erlan"]
[Result "1-0"]
[WhiteElo "2164"]
[BlackElo "1831"]
[PlyCount "47"]
[EventDate "2025.??.??"]

1. Nf3 Nf6 2. g3 g6 3. Bg2 Bg7 4. c4 O-O 5. Nc3 d5 6. cxd5 Nxd5 7. O-O Nc6 8.
d3 Nxc3 9. bxc3 Bxc3 10. Rb1 Bg7 11. Qa4 Rb8 12. Nd2 b5 13. Qa3 Bd7 14. e3 b4
15. Qa4 Ne5 16. Qxa7 Nxd3 17. Nb3 Ra8 18. Bxa8 Qxa8 19. Qxa8 Rxa8 20. e4 Rxa2
21. Be3 Be6 22. Rfd1 Bc4 23. Nc1 Ra8 24. Nxd3 1-0

[Event "IBCA World Individual Chess Championship"]
[Site "Rzeszow"]
[Date "2025.??.??"]
[Round "1.8"]
[White "Horbal, Jozef"]
[Black "Pribeanu, Mihail-Dacian"]
[Result "1-0"]
[WhiteElo "1829"]
[BlackElo "2140"]
[PlyCount "80"]
[EventDate "2025.??.??"]

1. d4 Nf6 2. c4 g6 3. Nc3 Bg7 4. g3 O-O 5. Bg2 d6 6. Nf3 c6 7. O-O Qc7 8. Qc2
e5 9. dxe5 dxe5 10. Rd1 Bf5 11. e4 Bg4 12. h3 Bxf3 13. Bxf3 Na6 14. a3 Nc5 15.
Be3 Ne6 16. Rd2 Nd7 17. Ne2 f5 18. exf5 gxf5 19. Rad1 Rad8 20. Rd6 Rf6 21. c5
f4 22. Bg4 Ndf8 23. Bxe6+ Nxe6 24. Rxd8+ Nxd8 25. gxf4 Nf7 26. f5 Qe7 27. Ng3
Rh6 28. Bxh6 Bxh6 29. Qc4 Bf4 30. b4 Kf8 31. Qe6 Qxe6 32. fxe6 Ng5 33. Rd7 e4
34. Nxe4 Nxe4 35. Rf7+ Ke8 36. Rxf4 Ng5 37. Kg2 Nxe6 38. Re4 Kf7 39. f4 Nc7 40.
Rd4 Ke7 1-0

 39. f4 Nc7 40. Rd4 Ke7 1-0

[Event "IBCA World Individual Chess Championship"]
[Site "Rzeszow"]
[Date "2025.??.??"]
[Round "1.9"]
[White "Stachanczyk, Jacek"]
[Black "Kulpinski, Piotr"]
[Result "1-0"]
[WhiteElo "2122"]
[BlackElo "1827"]
[PlyCount "120"]
[EventDate "2025.??.??"]

1. c4 Nf6 2. g3 e6 3. Bg2 d5 4. Nf3 Be7 5. O-O O-O 6. b3 c6 7. Bb2 Nbd7 8. d3
b6 9. e4 Bb7 10. e5 Ne8 11. cxd5 exd5 12. d4 Nc7 13. Nc3 f6 14. exf6 Bxf6 15.
Re1 Re8 16. Qd2 Nf8 17. Rxe8 Nxe8 18. Ne5 Nd6 19. Re1 Rc8 20. h4 Rc7 21. Ba3
Re7 22. Re2 Re8 23. Bh3 Qc7 24. Ng4 Qd8 25. Rxe8 Nxe8 26. Nxf6+ Nxf6 27. Qe3
Bc8 28. Bg2 Ne6 29. Ne2 Qd7 30. Nf4 Ng4 31. Qxe6+ Qxe6 32. Nxe6 Bxe6 33. Kf1
Kf7 34. Ke2 Ke8 35. f3 Nf6 36. Ke3 Bf5 37. Bd6 Kd7 38. Bf8 g6 39. Kd2 Ne8 40.
Bh6 Nd6 41. Bf1 Nb5 42. Be3 Nd6 43. g4 Be6 44. Bd3 Bf7 45. a4 Nb7 46. Bf4 a5
47. Be5 Nd8 48. Kc3 Ne6 49. f4 c5 50. f5 cxd4+ 51. Bxd4 Nc5 52. fxg6 hxg6 53.
Be2 Ne4+ 54. Kb2 Ng3 55. Bb5+ Kd6 56. Bxb6 Be6 57. Bd3 Ne4 58. h5 gxh5 59. gxh5
Ke5 60. h6 Bf5 1-0

 59. gxh5 Ke5 60. h6 Bf5 1-0

[Event "IBCA World Individual Chess Championship"]
[Site "Rzeszow"]
[Date "2025.??.??"]
[Round "1.10"]
[White "Tryjanska, Emilia"]
[Black "Racis, Michal"]
[Result "1/2-1/2"]
[WhiteElo "1828"]
[BlackElo "2104"]
[PlyCount "28"]
[EventDate "2025.??.??"]

1. e4 c5 2. c3 Nf6 3. e5 Nd5 4. Nf3 Nc6 5. Bc4 e6 6. O-O d6 7. d4 cxd4 8. exd6
dxc3 9. Bxd5 exd5 10. Re1+ Be6 11. Nxc3 Bxd6 12. Ng5 O-O 13. Qd3 g6 14. Nxe6
fxe6 1/2-1/2

3 g6 14. Nxe6
fxe6 1/2-1/2

[Event "IBCA World Individual Chess Championship"]
[Site "Rzeszow"]
[Date "2025.??.??"]
[Round "1.11"]
[White "Jumadullayev, Kuanishbek"]
[Black "Melnik, Stefan"]
[Result "1-0"]
[WhiteElo "2082"]
[BlackElo "1797"]
[PlyCount "94"]
[EventDate "2025.??.??"]

1. d4 Nf6 2. c4 g6 3. Nf3 Bg7 4. g3 O-O 5. Bg2 d6 6. O-O Nbd7 7. Nc3 e5 8. dxe5
dxe5 9. Qc2 c6 10. e4 Qc7 11. b3 Re8 12. h3 a5 13. Qe2 Nc5 14. Rd1 h6 15. Bb2
Bf8 16. Qc2 Kh7 17. Ne1 Ne6 18. Na4 Nd7 19. Nd3 Nec5 20. Naxc5 Nxc5 21. Kh2 a4
22. Nxc5 Bxc5 23. Bc3 Qe7 24. Rab1 Bb4 25. Ba1 axb3 26. axb3 Qc5 27. Kh1 Be6
28. f4 exf4 29. gxf4 Qh5 30. Kh2 Ra5 31. Qb2 Rxa1 32. Rxa1 Qh4 33. Rf1 Rd8 34.
Qf2 Qf6 35. e5 Qf5 36. Rad1 Ra8 37. Qe2 Bc5 38. Rd3 Ra2 39. Qxa2 Qxd3 40. Qb1
Qe3 41. Qd1 Qc3 42. Rf3 Qb2 43. Kh1 Bf5 44. Rf1 Qc2 45. Kh2 Qb2 46. Re1 Qf2 47.
Qc1 h5 1-0

b2 46. Re1 Qf2 47. Qc1 h5 1-0

[Event "IBCA World Individual Chess Championship"]
[Site "Rzeszow"]
[Date "2025.??.??"]
[Round "1.12"]
[White "Kuanyshuly, Nurgisa"]
[Black "Fernandez Lago, David"]
[Result "1/2-1/2"]
[WhiteElo "1767"]
[BlackElo "2080"]
[PlyCount "100"]
[EventDate "2025.??.??"]

1. e4 c5 2. c3 Nf6 3. e5 Nd5 4. Nf3 e6 5. d4 cxd4 6. cxd4 d6 7. exd6 Bxd6 8.
Nc3 O-O 9. Be2 Nd7 10. O-O N7f6 11. Be3 b6 12. Bc4 Bb7 13. Qe2 Rc8 14. Nxd5
Nxd5 15. Rfd1 Nf4 16. Bxf4 Bxf4 17. Bd3 Qd5 18. Re1 Rfd8 19. Be4 Qxe4 20. Qxe4
Bxe4 21. Rxe4 Bh6 22. Re2 g6 23. Rd1 Bg7 24. Red2 Rd5 25. g3 h5 26. h4 Rcd8 27.
Kg2 f6 28. a3 g5 29. b4 g4 30. Ne1 Bh6 31. Rd3 Rc8 32. Kf1 Rcd8 33. Ke2 Kf7 34.
Nc2 e5 35. dxe5 Rxe5+ 36. Kf1 Rc8 37. Nd4 a5 38. b5 Rd5 39. Nc6 Rxb5 40. Na7
Rcc5 41. Nxb5 Rxb5 42. Rc3 Rb2 43. Rd6 Bf8 44. Rd7+ Kg6 45. Rd5 Ra2 46. Rb5 Bc5
47. Rcxc5 bxc5 48. Rxa5 c4 49. Rc5 Rxa3 50. Rxc4 Ra2 1/2-1/2

 Rxa3 50. Rxc4 Ra2 1/2-1/2

[Event "IBCA World Individual Chess Championship"]
[Site "Rzeszow"]
[Date "2025.??.??"]
[Round "1.13"]
[White "Kishan, Gangolli"]
[Black "Polnar, Josef"]
[Result "1/2-1/2"]
[WhiteElo "2026"]
[BlackElo "1777"]
[PlyCount "69"]
[EventDate "2025.??.??"]

1. d4 d5 2. c4 e6 3. Nc3 Nf6 4. cxd5 exd5 5. Bg5 Be7 6. e3 h6 7. Bh4 c6 8. Bd3
Nbd7 9. Nge2 O-O 10. O-O Re8 11. a4 Nh5 12. Bxe7 Qxe7 13. a5 a6 14. Na4 Qg5 15.
Qc2 Qe7 16. Rfc1 Qd6 17. Qb3 g6 18. Qa3 Qxa3 19. Rxa3 Kg7 20. Rb3 Re7 21. Nec3
Nhf6 22. h3 Kf8 23. Rc2 Ke8 24. Nb6 Nxb6 25. Rxb6 Nd7 26. Rb3 Nf6 27. Na4 Nd7
28. Rc1 Kd8 29. g4 Nf6 30. Kg2 Ne8 31. Kg3 Nd6 32. Nb6 Rb8 33. Na4 Ra8 34. Nb6
Rb8 35. Na4 1/2-1/2

34. Nb6
Rb8 35. Na4 1/2-1/2

[Event "IBCA World Individual Chess Championship"]
[Site "Rzeszow"]
[Date "2025.??.??"]
[Round "1.14"]
[White "Drazetic, Novica"]
[Black "Abiad Parra, Victor"]
[Result "0-1"]
[WhiteElo "1751"]
[BlackElo "1930"]
[PlyCount "24"]
[EventDate "2025.??.??"]

1. e4 e5 2. Nf3 Nc6 3. d4 exd4 4. Bc4 Bc5 5. c3 Nf6 6. e5 d5 7. Bb5 Ne4 8. cxd4
Bb6 9. Be3 O-O 10. Nbd2 f6 11. O-O Bg4 12. Be2 Bf5 0-1

 11. O-O Bg4 12. Be2 Bf5 0-1

[Event "IBCA World Individual Chess Championship"]
[Site "Rzeszow"]
[Date "2025.??.??"]
[Round "1.15"]
[White "Casadei, Marco"]
[Black "Hogan, Gary"]
[Result "1-0"]
[WhiteElo "2011"]
[BlackElo "1737"]
[PlyCount "58"]
[EventDate "2025.??.??"]

1. e4 d6 2. d4 Nf6 3. Nc3 g6 4. f4 Bg7 5. Nf3 c5 6. Bb5+ Bd7 7. e5 Ng4 8. Bxd7+
Qxd7 9. h3 cxd4 10. Qxd4 Nc6 11. Qe4 Nh6 12. g4 dxe5 13. Nxe5 Nxe5 14. fxe5 O-O
15. O-O e6 16. Bg5 Rac8 17. Qe3 Qc6 18. Bxh6 Bxh6 19. Qxh6 Qb6+ 20. Kh1 Rc4 21.
Rae1 Qc6+ 22. Kh2 Rb4 23. Re2 Rc8 24. Rf4 Rxb2 25. Ne4 f5 26. Nf6+ Kf7 27.
Qxh7+ Kf8 28. Qg8+ Ke7 29. Qg7+ Kd8 1-0

8. Qg8+ Ke7 29. Qg7+ Kd8 1-0

[Event "IBCA World Individual Chess Championship"]
[Site "Rzeszow"]
[Date "2025.??.??"]
[Round "1.16"]
[White "Polnarova, Tatana"]
[Black "Kimsanboyev, Axadxon"]
[Result "0-1"]
[WhiteElo "1737"]
[BlackElo "1993"]
[PlyCount "66"]
[EventDate "2025.??.??"]

1. e4 c5 2. Nf3 d6 3. d4 cxd4 4. Nxd4 Nf6 5. Nc3 a6 6. Be3 Ng4 7. Bc1 e5 8. Nf3
Be7 9. h3 Nf6 10. Bd3 b5 11. a3 Bb7 12. O-O O-O 13. Re1 Nbd7 14. b4 Rc8 15. Bb2
Nb6 16. Nd2 Rc7 17. Nb3 Qa8 18. Na5 Rfc8 19. Qd2 Rxc3 20. Bxc3 Na4 21. Bxe5
dxe5 22. Nxb7 Qxb7 23. Rac1 Nc3 24. f3 Bd8 25. Bf1 Bb6+ 26. Kh1 Bd4 27. g3 Qb6
28. Kg2 Na2 29. Rb1 Bc3 30. Qe3 Qc7 31. Re2 Bd4 32. Qd3 Nc3 33. Rc1 Nxe2 0-1


2. Qd3 Nc3 33. Rc1 Nxe2 0-1

[Event "IBCA World Individual Chess Championship"]
[Site "Rzeszow"]
[Date "2025.??.??"]
[Round "1.17"]
[White "Wolanski, Michal"]
[Black "Sanchez Ruiz, Piedad Esmeralda"]
[Result "1-0"]
[WhiteElo "1990"]
[BlackElo "1733"]
[PlyCount "51"]
[EventDate "2025.??.??"]

1. c4 e5 2. g3 Nc6 3. Bg2 d6 4. Nc3 Be6 5. d3 Qd7 6. Nd5 Nge7 7. e4 Nd4 8. Nf3
Nxf3+ 9. Bxf3 c6 10. Ne3 d5 11. O-O Rd8 12. exd5 cxd5 13. cxd5 Nxd5 14. Nc4 f6
15. Qe2 Bc5 16. Bh5+ g6 17. Bf3 O-O 18. Bh6 Rfe8 19. Rac1 Bd4 20. a3 Rc8 21. h4
Bf7 22. Ne3 f5 23. Rxc8 Rxc8 24. h5 b6 25. hxg6 Bxg6 26. Bxd5+ 1-0

b6 25. hxg6 Bxg6 26. Bxd5+ 1-0

[Event "IBCA World Individual Chess Championship"]
[Site "Rzeszow"]
[Date "2025.??.??"]
[Round "1.18"]
[White "Madjeric, Miroslav"]
[Black "Mueller, Thorsten"]
[Result "0-1"]
[WhiteElo "1719"]
[BlackElo "1976"]
[PlyCount "60"]
[EventDate "2025.??.??"]

1. d4 d5 2. c4 c6 3. cxd5 cxd5 4. Nc3 Nf6 5. Nf3 Nc6 6. Bf4 Bf5 7. e3 e6 8. a3
Be7 9. Bd3 Bxd3 10. Qxd3 O-O 11. O-O Rc8 12. Rac1 Nh5 13. Bg3 Nxg3 14. hxg3 Re8
15. Rc2 Bf6 16. Rfc1 Qd7 17. b4 Rcd8 18. Ne2 a6 19. Qb3 h6 20. a4 Qd6 21. Rb1
g5 22. Qc3 e5 23. b5 exd4 24. Nfxd4 axb5 25. axb5 Ne5 26. Qc7 Nc4 27. Qxd6 Nxd6
28. Rc7 Kg7 29. g4 Be5 30. Nf5+ Nxf5 0-1

29. g4 Be5 30. Nf5+ Nxf5 0-1

[Event "IBCA World Individual Chess Championship"]
[Site "Rzeszow"]
[Date "2025.??.??"]
[Round "1.20"]
[White "Berisha, Xhafer"]
[Black "Falkowski, Dawid"]
[Result "0-1"]
[WhiteElo "1650"]
[BlackElo "1971"]
[PlyCount "36"]
[EventDate "2025.??.??"]

1. e4 e5 2. Nf3 Nc6 3. Bc4 Nf6 4. Nc3 Nxe4 5. Bxf7+ Kxf7 6. Nxe4 d5 7. Ng3 e4
8. Ng1 Bc5 9. c3 Re8 10. N1e2 Ne5 11. O-O Bg4 12. h3 Qh4 13. Qb3 c6 14. Nxe4
Bxe2 15. Nxc5 Nf3+ 16. gxf3 Qg5+ 17. Kh2 Bxf1 18. Qxb7+ Re7 0-1

. Kh2 Bxf1 18. Qxb7+ Re7 0-1

[Event "IBCA World Individual Chess Championship"]
[Site "Rzeszow"]
[Date "2025.??.??"]
[Round "1.23"]
[White "Vrioni, Bersan"]
[Black "Ikromalieva, Sabokhat"]
[Result "1/2-1/2"]
[WhiteElo "1950"]
[BlackElo "1574"]
[PlyCount "42"]
[EventDate "2025.??.??"]

1. e4 c5 2. Nf3 g6 3. d4 cxd4 4. Nxd4 Bg7 5. c4 Nc6 6. Be3 Nf6 7. Nc3 d6 8. Be2
Bd7 9. O-O O-O 10. Rc1 e6 11. h3 Rb8 12. Qd2 Nxd4 13. Bxd4 Qa5 14. a3 Rfc8 15.
b4 Qd8 16. Qe3 b5 17. Nd5 Nxd5 18. exd5 bxc4 19. Bxg7 Kxg7 20. Bxc4 Bb5 21. Bb3
a6 1/2-1/2

 Bxc4 Bb5 21. Bb3 a6 1/2-1/2

[Event "IBCA World Individual Chess Championship"]
[Site "Rzeszow"]
[Date "2025.??.??"]
[Round "1.24"]
[White "Horbalova, Ivana"]
[Black "Salamon, Julia"]
[Result "0-1"]
[WhiteElo "1528"]
[BlackElo "1954"]
[PlyCount "104"]
[EventDate "2025.??.??"]

1. c4 e6 2. Nf3 d5 3. cxd5 exd5 4. g3 Nf6 5. Bg2 Bd6 6. O-O O-O 7. d3 h6 8. b3
c6 9. Bb2 Re8 10. Nbd2 Bg4 11. Re1 Nbd7 12. a3 Qc7 13. Ra2 Rad8 14. b4 b6 15.
Qc2 c5 16. bxc5 bxc5 17. d4 cxd4 18. Qxc7 Bxc7 19. Bxd4 Bb6 20. Bxb6 Nxb6 21.
Nd4 Bd7 22. e3 Rc8 23. N2b3 Rc7 24. Bf1 Ne4 25. Rc1 Rxc1 26. Nxc1 Rc8 27. Rc2
Nc4 28. Bxc4 Rxc4 29. Rxc4 dxc4 30. f4 Nc3 31. Nce2 Nb1 32. Nc2 Ba4 33. Ned4 g6
34. Kf2 f5 35. Ke1 Kf7 36. Ke2 Kf6 37. h4 h5 38. Nb4 Nxa3 39. Nd5+ Kf7 40. Nc3
Bd7 41. Kd2 a6 42. Nc2 Nxc2 43. Kxc2 Bc6 44. Kb2 Ke6 45. Ne2 Kd5 46. Ka3 Ke4
47. Nd4 Bb5 48. Kb4 Kxe3 49. Kc3 Kf2 50. Kd2 Kxg3 51. Ke3 Kxh4 52. Nf3+ Kg3 0-1

51. Ke3 Kxh4 52. Nf3+ Kg3 0-1

[Event "IBCA World Individual Chess Championship"]
[Site "Rzeszow"]
[Date "2025.??.??"]
[Round "1.25"]
[White "Chojnowski, Marcin"]
[Black "Lherbon De Lussats, Jean"]
[Result "1-0"]
[WhiteElo "1935"]
[BlackElo "1529"]
[PlyCount "89"]
[EventDate "2025.??.??"]

1. d4 d5 2. c4 e6 3. Nf3 Nf6 4. g3 c5 5. Bg2 Nc6 6. O-O cxd4 7. Nxd4 Bc5 8. Nb3
Be7 9. Nc3 O-O 10. cxd5 Nxd5 11. Nxd5 exd5 12. Bxd5 Bh3 13. Bg2 Qd7 14. Qxd7
Bxd7 15. Rd1 Rad8 16. Bd2 Rfe8 17. Bc3 Bf6 18. Bxf6 gxf6 19. Nc5 Bc8 20. Ne4
Re6 21. Rxd8+ Nxd8 22. Rd1 Nc6 23. Nd6 Bd7 24. Nxb7 Be8 25. Nd6 Rxe2 26. Nxe8
Rxe8 27. Bxc6 Rc8 28. Ba4 Rc4 29. Bb3 Rb4 30. Rd7 a5 31. Bxf7+ Kf8 32. b3 a4
33. bxa4 Rxa4 34. Bb3 Ra6 35. Rxh7 Ke8 36. h4 f5 37. h5 Rf6 38. h6 Rg6 39. Bf7+
Ke7 40. Bxg6+ Kf6 41. Rg7 f4 42. g4 Kg5 43. h7 Kxg4 44. Be4+ Kh3 45. h8=Q# 1-0

g4 44. Be4+ Kh3 45. h8=Q# 1-0

[Event "IBCA World Individual Chess Championship"]
[Site "Rzeszow"]
[Date "2025.??.??"]
[Round "1.26"]
[White "Muratova, Aliya"]
[Black "Egeman, Emilia"]
[Result "1/2-1/2"]
[WhiteElo "1471"]
[BlackElo "1933"]
[PlyCount "103"]
[EventDate "2025.??.??"]

1. d4 Nf6 2. Nf3 g6 3. g3 Bg7 4. Bg2 O-O 5. O-O d6 6. c4 c6 7. Nc3 Bf5 8. Re1
Ne4 9. Nh4 Nxc3 10. bxc3 Be6 11. Qb3 Qb6 12. Bd2 Qxb3 13. axb3 Na6 14. d5 cxd5
15. Bxd5 Bxd5 16. cxd5 Rfc8 17. Rec1 Nc5 18. Ra3 Ne4 19. Be1 Nxc3 20. Bxc3 Bxc3
21. Ra2 Bd4 22. Rcc2 Rc5 23. Rc4 Rxc4 24. bxc4 Rc8 25. e3 Bb6 26. Ra4 Rc5 27.
Nf3 Kg7 28. Nd2 Rc8 29. Kg2 h5 30. h4 e6 31. Ne4 Rd8 32. dxe6 fxe6 33. Ng5 Re8
34. Ne4 d5 35. cxd5 exd5 36. Nd6 Re7 37. Nc8 Re4 38. Nxb6 axb6 39. Ra8 d4 40.
Kf3 Rg4 41. Ra2 dxe3 42. fxe3 Rb4 43. Rd2 Kf6 44. Rd8 Rb2 45. Rb8 b5 46. Ke4
Rb1 47. Rxb7 Rg1 48. Rb6+ Kf7 49. Kf4 Rf1+ 50. Ke4 Rb1 51. Kf4 Rb3 52. Rb7+
1/2-1/2

. Kf4 Rb3 52. Rb7+
1/2-1/2

[Event "IBCA World Individual Chess Championship"]
[Site "Rzeszow"]
[Date "2025.??.??"]
[Round "2.1"]
[White "Mueller, Thorsten"]
[Black "Tazbir, Marcin"]
[Result "0-1"]
[PlyCount "88"]
[EventDate "2025.??.??"]

{[BlackTitle ""] [WhiteElo "1976"] [BlackElo "2529"]} 1. d4 Nf6 2. Nf3 g6 3.
Bf4 Bg7 4. e3 O-O 5. Be2 d6 6. O-O c5 7. c3 Qb6 8. Nbd2 Be6 9. Ng5 Bd7 10. Nc4
Qc7 11. dxc5 Qxc5 12. e4 h6 13. Be3 Qc7 14. e5 dxe5 15. Nf3 Nc6 16. h3 Rad8 17.
Qc1 Kh7 18. Na3 Nd5 19. Nb5 Qb8 20. c4 Nxe3 21. Qxe3 f5 22. Rfd1 a6 23. Nc3 Nd4
24. Rac1 f4 25. Qd2 Bc6 26. Nd5 Nxf3+ 27. Bxf3 e6 28. Qb4 exd5 29. cxd5 Be8 30.
d6 Rf6 31. d7 Rxd7 32. Rxd7 Bxd7 33. Rd1 Bc6 34. Qe7 Qf8 35. Qc7 Rf7 36. Qb6 e4
37. Bg4 Qe7 38. Qb3 Rf8 39. Be6 Rd8 40. Rc1 Bd4 41. Bc4 e3 42. Bxa6 exf2+ 43.
Kf1 bxa6 44. Rxc6 Qe1# 0-1

[Event "IBCA World Individual Chess Championship"]
[Site "Rzeszow"]
[Date "2025.??.??"]
[Round "2.3"]
[White "Falkowski, Dawid"]
[Black "Mueller, Dominik"]
[Result "1-0"]
[PlyCount "44"]
[EventDate "2025.??.??"]

{[BlackTitle ""] [WhiteElo "1971"] [BlackElo "2247"]} 1. e4 c5 2. Nc3 Nc6 3.
Nf3 g6 4. d4 cxd4 5. Nxd4 Bg7 6. Be3 Nf6 7. Bc4 O-O 8. Bb3 d6 9. f3 Na5 10. Qd2
Nxb3 11. axb3 a6 12. O-O-O b5 13. h4 b4 14. Na4 Bd7 15. h5 Qa5 16. Bh6 Rac8 17.
g4 Bxa4 18. bxa4 Qxa4 19. Kb1 Bxh6 20. Qxh6 e5 21. b3 Qe8 22. Nf5 gxf5 1-0

[Event "IBCA World Individual Chess Championship"]
[Site "Rzeszow"]
[Date "2025.??.??"]
[Round "2.4"]
[White "Magnusson, Jorgen"]
[Black "Aryan, B Joshi"]
[Result "1/2-1/2"]
[WhiteElo "2237"]
[BlackElo "1968"]
[PlyCount "20"]
[EventDate "2025.??.??"]

1. f4 d5 2. g3 Nf6 3. Bg2 c5 4. Nf3 Nc6 5. O-O g6 6. d3 Bg7 7. Qe1 d4 8. c4 O-O
9. Na3 a6 10. Nc2 a5 1/2-1/2

[Event "IBCA World Individual Chess Championship"]
[Site "Rzeszow"]
[Date "2025.??.??"]
[Round "2.5"]
[White "Dima, Mihai"]
[Black "Nikac, Predrag"]
[Result "0-1"]
[PlyCount "76"]
[EventDate "2025.??.??"]

{[BlackTitle ""] [WhiteElo "1962"] [BlackElo "2231"]} 1. e4 c5 2. Nf3 Nc6 3. d4
cxd4 4. Nxd4 e5 5. Nb5 d6 6. c4 a6 7. N5c3 Nf6 8. Be3 Be7 9. Be2 O-O 10. O-O
Be6 11. Na3 Rc8 12. f3 Nh5 13. Nd5 Bg5 14. Qd2 Bxe3+ 15. Nxe3 Nd4 16. g3 Qg5
17. Bd1 f5 18. Nac2 fxe4 19. Nxd4 exd4 20. Qxd4 Nxg3 21. hxg3 Qxg3+ 22. Ng2
exf3 23. Bxf3 Rxf3 24. Rxf3 Qxf3 25. Rf1 Qc6 26. Nf4 Bxc4 27. Rc1 Qc5 28. Ne6
Qxd4+ 29. Nxd4 Be6 30. Re1 Bd7 31. Re7 Rd8 32. Kf2 Kf8 33. Re3 Re8 34. Rc3 Re4
35. Nb3 Bb5 36. Rc8+ Kf7 37. Rc7+ Kf6 38. Rxb7 Re2+ 0-1

[Event "IBCA World Individual Chess Championship"]
[Site "Rzeszow"]
[Date "2025.??.??"]
[Round "2.6"]
[White "Eichstaedt, Mirko"]
[Black "Chojnowski, Marcin"]
[Result "1-0"]
[PlyCount "75"]
[EventDate "2025.??.??"]

{[BlackTitle ""] [WhiteElo "2205"] [BlackElo "1935"]} 1. e4 c5 2. Nc3 a6 3. g3
b5 4. Bg2 Bb7 5. d3 e6 6. Nh3 Nc6 7. O-O b4 8. Ne2 d6 9. f4 Qc7 10. Nf2 Be7 11.
a3 bxa3 12. Rxa3 Nf6 13. g4 O-O 14. g5 Nd7 15. f5 exf5 16. exf5 Nce5 17. Ne4 d5
18. f6 dxe4 19. fxe7 Rfe8 20. dxe4 Nb6 21. Nf4 Qxe7 22. Qh5 g6 23. Qh4 h5 24.
Nd5 Nxd5 25. exd5 Rad8 26. c4 Bc8 27. Bd2 Bg4 28. Re3 Qd7 29. b3 Bf5 30. Qg3
Ng4 31. Ree1 Rxe1 32. Rxe1 Re8 33. h3 h4 34. Qxh4 Ne5 35. Bc3 Qd6 36. Qg3 Nf3+
37. Qxf3 Rxe1+ 38. Bxe1 1-0

[Event "IBCA World Individual Chess Championship"]
[Site "Rzeszow"]
[Date "2025.??.??"]
[Round "2.7"]
[White "Salamon, Julia"]
[Black "Dukaczewski, Piotr"]
[Result "1/2-1/2"]
[PlyCount "70"]
[EventDate "2025.??.??"]

{[BlackTitle ""] [WhiteElo "1954"] [BlackElo "2164"]} 1. d4 d6 2. e4 Nf6 3. Bd3
e5 4. c3 Be7 5. Nf3 Nbd7 6. O-O O-O 7. Re1 c6 8. Nbd2 Qc7 9. Nf1 Re8 10. Ng3 g6
11. Bg5 Bf8 12. Qd2 Bg7 13. h3 Nf8 14. Bh6 Ne6 15. Bxg7 Kxg7 16. Bc2 Nf4 17.
Ne2 N6h5 18. Nxf4 Nxf4 19. dxe5 dxe5 20. Red1 Qb6 21. Bb3 f6 22. Qc2 g5 23. Nh2
a5 24. Rd2 Qc5 25. a4 b6 26. Rad1 Ra7 27. Ng4 h5 28. Ne3 Qe7 29. Rd6 Rc7 30.
Nf5+ Bxf5 31. exf5 e4 32. Be6 Nd3 33. Rd4 Nc5 34. Rd6 Nd3 35. Rd5 Nc5 1/2-1/2

[Event "IBCA World Individual Chess Championship"]
[Site "Rzeszow"]
[Date "2025.??.??"]
[Round "2.8"]
[White "Pribeanu, Mihail-Dacian"]
[Black "Hogan, Gary"]
[Result "1-0"]
[PlyCount "81"]
[EventDate "2025.??.??"]

{[BlackTitle ""] [WhiteElo "2140"] [BlackElo "1737"]} 1. e4 d6 2. d4 Nf6 3. Nc3
g6 4. Nf3 Bg7 5. Be2 O-O 6. O-O e5 7. Bg5 h6 8. Bh4 Nbd7 9. Re1 c6 10. a4 g5
11. dxe5 dxe5 12. Bg3 Qe7 13. Nd2 b6 14. Nc4 Rd8 15. Qd6 Qxd6 16. Nxd6 Ne8 17.
Nxc8 Raxc8 18. Bg4 Nef6 19. Bf5 Nh5 20. Red1 Rc7 21. Rd2 Nxg3 22. hxg3 Kf8 23.
Rad1 Ke8 24. Kf1 Bf8 25. Ke2 Be7 26. g4 Nf6 27. Rxd8+ Bxd8 28. Rh1 Ng8 29. Bh7
Nf6 30. Rxh6 Nxg4 31. Rh1 Nf6 32. Bf5 Be7 33. Rh8+ Bf8 34. Nb1 Ke7 35. Nd2 Bg7
36. Ra8 Ne8 37. Nc4 Nd6 38. Ne3 Nb7 39. Rxa7 Kd6 40. b4 Re7 41. Bc8 1-0

[Event "IBCA World Individual Chess Championship"]
[Site "Rzeszow"]
[Date "2025.??.??"]
[Round "2.9"]
[White "Hahnewald, Uwe"]
[Black "Stachanczyk, Jacek"]
[Result "1/2-1/2"]
[PlyCount "38"]
[EventDate "2025.??.??"]

{[BlackTitle ""] [WhiteElo "1933"] [BlackElo "2122"]} 1. e4 c5 2. Nf3 d6 3.
Bb5+ Nd7 4. a4 Ngf6 5. Nc3 a6 6. Be2 e5 7. O-O Be7 8. d3 h6 9. Nd2 b6 10. Nc4
Bb7 11. f4 exf4 12. Bxf4 Nf8 13. e5 dxe5 14. Bxe5 Ng6 15. Bg3 O-O 16. Bf3 Ra7
17. Bxb7 Rxb7 18. Qf3 Qd7 19. a5 bxa5 1/2-1/2